Sborník k závěrečné konferenci projektu "Přeshraniční spolupráce vysokých škol v oblasti péče o kulturní památky a využití opuštěných průmyslových objektů" : Ostrava 19.5.2011

Korporativní autor: Přeshraniční spolupráce vysokých škol v oblasti péče o kulturní památky a využití opuštěných průmyslových objektů (projekt)
Další autoři: Přeshraniční spolupráce vysokých škol v oblasti péče o kulturní památky a využití opuštěných průmyslových objektů (konference), Vysoká škola báňská - Technická univerzita Ostrava. Stavební fakulta, Politechnika Opolska
Jazyk: Polština
Čeština
Vydáno: Ostrava : VŠB - Technická univerzita Ostrava, 2011
Témata:
Fyzický popis: 110 s. : il. (převážně barev.), plány ; 21 cm
Language note: Část. polský text
Knihy
Uloženo v:
LEADER 02944nam a2200577 a 4500
001 nkc20112190260
003 CZ PrNK
005 20110818150056.0
007 ta
008 110513s2011 xr ae f 100 0 cze
015 |a cnb002190260 
020 |a 978-80-248-2422-2  |q (brož.) :  |c neprodejné 
035 |a (OCoLC)752794936 
040 |a OLA001  |b cze  |d BOA001  |d ABA001 
041 0 |a cze  |a pol 
072 7 |a 69  |x Stavebnictví  |2 Konspekt  |9 19 
080 |a 7.025.3/.4  |2 MRF 
080 |a 69.058  |2 MRF 
080 |a 69.01/.03:72.025.5  |2 MRF 
080 |a 69.059.25  |2 MRF 
080 |a (062.534)  |2 MRF 
111 2 |a Přeshraniční spolupráce vysokých škol v oblasti péče o kulturní památky a využití opuštěných průmyslových objektů (konference)  |d (2011 :  |c Ostrava, Česko)  |7 olak2011648821 
245 1 0 |a Sborník k závěrečné konferenci projektu "Přeshraniční spolupráce vysokých škol v oblasti péče o kulturní památky a využití opuštěných průmyslových objektů" :  |b Ostrava 19.5.2011 
246 3 0 |a Přeshraniční spolupráce vysokých škol v oblasti péče o kulturní památky a využití opuštěných průmyslových objektů 
246 1 7 |a Závěrečná konference projektu ... "Přeshraniční spolupráce vysokých škol v oblasti péče o kulturní památky a využití opuštěných průmyslových objektů" 
260 |a Ostrava :  |b VŠB - Technická univerzita Ostrava,  |c 2011 
300 |a 110 s. :  |b il. (převážně barev.), plány ;  |c 21 cm 
500 |a Název z obálky 
500 |a Nad názvem: Vysoká škola báňská - Technická univerzita Ostrava, Fakulta stavební, Politechnika Opolska 
500 |a 40 výt. 
504 |a Obsahuje bibliografie a bibliografické odkazy 
546 |a Část. polský text 
650 0 7 |a obnova a rekonstrukce památek  |7 ph168233  |2 czenas 
650 0 7 |a stavebně-technický průzkum  |7 ph137942  |2 czenas 
650 0 7 |a konverze staveb  |7 ph221977  |2 czenas 
650 0 7 |a revitalizace budov  |7 ph632346  |2 czenas 
650 0 9 |a renewal and reconstruction of monuments  |2 eczenas 
650 0 9 |a building research  |2 eczenas 
650 0 9 |a building conversion and renovation  |2 eczenas 
650 0 9 |a building renewal  |2 eczenas 
655 7 |a sborníky konferencí  |7 fd133333  |2 czenas 
655 9 |a proceedings of conferences  |2 eczenas 
710 2 |a Přeshraniční spolupráce vysokých škol v oblasti péče o kulturní památky a využití opuštěných průmyslových objektů (projekt)  |7 olak2011639681 
710 2 |a Vysoká škola báňská - Technická univerzita Ostrava.  |b Stavební fakulta  |7 kn20010709394 
710 2 |a Politechnika Opolska  |7 ko2006325649 
910 2 |a BOA001  |b 2-1270.080 
928 9 |a Vysoká škola báňská - Technická univerzita Ostrava, Stavební fakulta 
990 |a BK 
995 |a 01 
991 |b 201108  |c NOV  |e n 
996 6 |b 2610483735  |c 2-1270.080  |l MZK  |r Sklad / do 1 hodiny  |n 4  |p p.v.  |w 001190760  |u 000010  |a 1  |e BOA001  |j MZK50  |s P